Últimos técnicos do Santos F.C. (2015-2025) - Statistics

Estatísticas Gerais
  • Esse quiz foi jogado 36 vezes
  • A pontuação média é 11 de 23
Estatísticas das Respostas
Ano Jogos Tecnicos / Inteninos % Correto
2021-2022 26 Carille
84%
2024 53 Carille
84%
2018 27 Cuca
81%
2020-2021 50 Cuca
81%
2015-2017 127 Dorival
72%
2025 18 Vojvoda
69%
2019 64 Sampaoli
59%
2025 15 Cléber Xavier
53%
2025 17 Pedro Caixinha
53%
2018 37 Jair Ventura
53%
2023 7 Paulo Turra
47%
2015-2023 54 Marcelo Fernandes
47%
2021 31 Fernando Diniz
44%
2022 8 Lisca
44%
2022-2023 34 Odair Hellmann
34%
2023 5 Diego Aguirre
28%
2020 15 Jesualdo
28%
2017 7 Elano
25%
2021 12 Ariel Holan
25%
2022 29 Fabián Bustos
25%
2017 31 Levir Culpi
13%
2022 12 Orlando Ribeiro
13%
2018 2 Chulapa
6%
Nenhum quiz correspondente encontrado
Distribuição das Pontuações
Porcentagem de Pessoas com Cada Pontuação
Percentil de Números Respondidos
Sua Pontuação Histórica
Você não jogou esse quiz